| 000 | 00700aam a2200265 4500 | ||
|---|---|---|---|
| 005 | 20260303183252.0 | ||
| 008 | 150513b1998 xxu||||| |||| 00| 0 spa d | ||
| 041 | _aESP | ||
| 082 | _a001.42 B928m | ||
| 100 | _aBuendía Eismar, Leonor | ||
| 245 | _aMétodos de investigación en psicopedagogía | ||
| 260 | _aEspaña | ||
| 260 | _bMcGraw-Hill | ||
| 260 | _c1998 | ||
| 300 | _a343 páginas | ||
| 490 | _aTemática General | ||
| 650 | _aMÉTODOS DE INVESTIGACIÓN | ||
| 650 | _aINVESTIGACIÓN | ||
| 650 | _aPSICOPEDAGOGÍA | ||
| 650 | _aINVESTIGACIÓN EDUCATIVA | ||
| 650 | _aINVESTIGACIÓN EXPERIMENTAL | ||
| 650 | _aANÁLISIS CUALITATIVO | ||
| 650 | _aENCUESTA | ||
| 942 |
_cBK _2ddc |
||
| 999 |
_c5462 _d5462 |
||